000 00667cam a22002413a 4500
001 9829
003 PGUSA
005 20140828083216.0
008 060201s2006||||xxu|||||s|||||000 | eng d
040 _aPGUSA
_beng
042 _adc
050 4 _aPS
100 1 _aCabell, James Branch,
_d1879-1958
245 1 4 _aThe Jewel Merchants :
_bA Comedy in One Act
_h[electronic resource] /
_cJames Branch Cabell
260 _bProject Gutenberg,
_c2006
506 _aPublic domain in the USA.
516 _aElectronic text
653 _aDrama
653 _aComedies
830 0 _aProject Gutenberg
_v9829
856 4 0 _uhttp://www.gutenberg.org/ebooks/9829
942 _cEB
999 _c239085
_d239085